Cytotoxic mediators of inflammation and host defense / (Record no. 114258)

MARC details
000 -LEADER
fixed length control field 00685nam a2200229 a 4500
008 - FIXED-LENGTH DATA ELEMENTS--GENERAL INFORMATION
fixed length control field
020 ## - INTERNATIONAL STANDARD BOOK NUMBER
International Standard Book Number 380554636X (hbk. )
040 ## - CATALOGING SOURCE
Original cataloging agency MAIN
Transcribing agency NUST
090 ## - LOCALLY ASSIGNED LC-TYPE CALL NUMBER (OCLC); LOCAL CALL NUMBER (RLIN)
Classification number (OCLC) (R) ; Classification number, CALL (RLIN) (NR) RC583.P7
Local cutter number (OCLC) ; Book number/undivided call number, CALL (RLIN) CYT
003 - CONTROL NUMBER IDENTIFIER
control field
005 - DATE AND TIME OF LATEST TRANSACTION
control field 20230120203935.0
049 ## - LOCAL HOLDINGS (OCLC)
Holding library MAIN
245 00 - TITLE STATEMENT
Title Cytotoxic mediators of inflammation and host defense /
Statement of responsibility, etc. Volume Editor; Moon L. Shin.
260 ## - PUBLICATION, DISTRIBUTION, ETC.
Place of publication, distribution, etc. Basel ;
-- New York :
Name of publisher, distributor, etc. Karger,
Date of publication, distribution, etc. 1988.
300 ## - PHYSICAL DESCRIPTION
Extent xii, 215 p. :
Other physical details ill. ;
Dimensions 25 cm.
440 #0 - SERIES STATEMENT/ADDED ENTRY--TITLE
Title Progress in allergy ;
Volume/sequential designation v. 40.
650 #2 - SUBJECT ADDED ENTRY--TOPICAL TERM
Topical term or geographic name entry element Cytotoxins.
650 #2 - SUBJECT ADDED ENTRY--TOPICAL TERM
Topical term or geographic name entry element Inflammation.
700 1# - ADDED ENTRY--PERSONAL NAME
Personal name Shin, Moon L.
907 ## - LOCAL DATA ELEMENT G, LDG (RLIN)
a .b10222224
b 30-09-15
c 08-12-06
942 ## - ADDED ENTRY ELEMENTS (KOHA)
Koha item type Ordinary Loan Books
Call number prefix RC583.P7
Call number suffix CYT
Holdings
Date last seen Total Checkouts Full call number Barcode Cost, replacement price Price effective from Koha item type Lost status Source of classification or shelving scheme Damaged status Not for loan Collection Withdrawn status Home library Current library Shelving location Date acquired Cost, normal purchase price
01/20/2023   RC583.P7 CYT 92004005381 80.00 01/20/2023 BOOKS   LCC     NFIC   Medical Medical GEN 01/20/2023 80.00